00899 2200361 4500001002100000005001700021006001900038008004100057020002200098035002500120090001400145100001400159245002700173260003100200700001700231990001700248990001700265990001700282990001700299990001700316990001700333990001700350990001700367990001700384990001700401990001700418990001700435990001700452990001700469990001700486990001700503990001700520INLIS00000000000848620140311115245.0a ||| | 180719| ||| |  a978-979-063-643-9 a0010-081300000000123 a813 GON g0 aGola Gong00agerobak membawa berkah aJakartabZikrul kidsc20110 aTias Tatanka a8653/PN/2013 a8653/PN/2013 a9008/PN/2013 a8653/PN/2013 a9008/PN/2013 a9008/PN/2013 a8653/PN/2013 a9008/PN/2013 a8653/PN/2013 a8653/PN/2013 a9008/PN/2013 a9008/PN/2013 a8653/PN/2013 a8653/PN/2013 a9008/PN/2013 a8653/PN/2013 a9008/PN/2013